[Event "Josef Kupper Memorial 2019"]
[Site "Zurich"]
[Date "2019.08.18"]
[Round "7.15"]
[White "Arjun Kalyan"]
[Black "Sukandar, Irine Kharisma"]
[Result "1-0"]
[WhiteElo "2482"]
[BlackElo "2385"]
[Annotator "ChessBase"]
[PlyCount "109"]
[EventDate "2019.08.14"]
[EventType "swiss"]
[EventCountry "SUI"]
[SourceTitle "playchess.com"]
[Source "ChessBase"]
[SourceQuality "1"]
[TimeControl "40/5400+30:1800+30"]

1. e4 {[%emt 0:00:00]} c5 {[%emt 0:04:42]} 2. Nf3 {[%emt 0:00:00]} Nc6 {[%emt 0:00:36]} 3. d4 {[%emt 0:00:00]} cxd4 {[%emt 0:00:09]} 4. Nxd4 {[%emt 0:00:00]} g6 {[%emt 0:00:18]} 5. c4 {[%emt 0:00:44]} Bg7 {[%emt 0:01:06]} 6. Be3 {[%emt 0:00:13]} Nf6 {[%emt 0:01:02]} 7. Nc3 {[%emt 0:00:26]} Ng4 {[%emt 0:00:23]} 8. Qxg4 {[%emt 0:00:21]} Nxd4 {[%emt 0:00:05]} 9. Qd1 {[%emt 0:00:21]} e5 {[%emt 0:00:20]} 10. Bd3 {[%emt 0:00:37]} d6 {[%emt 0:01:08]} 11. O-O {[%emt 0:00:30]} O-O {[%emt 0:00:21]} 12. Qd2 {[%emt 0:01:19]} Be6 {[%emt 0:00:53]} 13. Rac1 {[%emt 0:01:36]} Rc8 {[%emt 0:01:12]} 14. b3 {[%emt 0:01:19]} a6 {[%emt 0:01:00]} 15. Rfd1 {[%emt 0:02:05]} Qd7 {[%emt 0:10:00]} 16. Ne2 {[%emt 0:07:25]} Bg4 {[%emt 0:12:33]} 17. Bxd4 {[%emt 0:17:42]} Bxe2 {[%emt 0:00:32]} 18. Qxe2 {[%emt 0:00:05]} exd4 {[%emt 0:00:09]} 19. f4 {[%emt 0:01:08]} Rfe8 {[%emt 0:02:31]} 20. Qf3 {[%emt 0:01:58]} Qc7 {[%emt 0:02:20]} 21. Rc2 {[%emt 0:02:34]} Qa5 {[%emt 0:05:47]} 22. h4 {[%emt 0:04:50]} Kh8 {[%emt 0:03:00]} 23. g4 {[%emt 0:05:37]} b5 {[%emt 0:07:34]} 24. Re2 {[%emt 0:08:07]} b4 {[%emt 0:08:20]} 25. g5 {[%emt 0:03:30]} h5 {[%emt 0:03:48]} 26. Rde1 {[%emt 0:09:33]} Qc7 {[%emt 0:05:08]} 27. e5 {[%emt 0:02:21]} dxe5 {[%emt 0:00:47]} 28. f5 {[%emt 0:00:02]} Qd6 {[%emt 0:02:21]} 29. Qe4 {[%emt 0:05:36]} Rc6 {[%emt 0:06:50]} 30. f6 {[%emt 0:03:28]} Bf8 {[%emt 0:00:19]} 31. Qd5 {[%emt 0:00:26]} Qxd5 {[%emt 0:11:01]} 32. cxd5 {[%emt 0:00:01]} Rc3 {[%emt 0:00:09]} 33. Rxe5 {[%emt 0:01:22]} Rxe5 {[%emt 0:00:17]} 34. Rxe5 {[%emt 0:00:00]} Bd6 {[%emt 0:00:16]} 35. Re8+ {[%emt 0:03:13]} Kh7 {[%emt 0:00:01]} 36. Rd8 {[%emt 0:02:51]} Rxd3 {[%emt 0:03:24]} 37. Rxd6 {[%emt 0:00:01]} Re3 {[%emt 0:00:09]} 38. Kf2 {[%emt 0:03:21]} Re4 {[%emt 0:02:30]} 39. Rc6 {[%emt 0:08:38]} d3 {[%emt 0:01:46]} 40. Rc1 {[%emt 0:00:13]} Rd4 {[%emt 0:04:35]} 41. Ke3 {[%emt 0:31:45]} Rxd5 {[%emt 0:00:51]} 42. Rd1 {[%emt 0:00:00]} Re5+ {[%emt 0:09:40]} 43. Kxd3 {[%emt 0:00:00]} Rd5+ {[%emt 0:00:07]} 44. Ke2 {[%emt 0:00:00]} Re5+ {[%emt 0:00:48]} 45. Kf3 {[%emt 0:00:00]} Rf5+ {[%emt 0:00:18]} 46. Kg3 {[%emt 0:00:00]} Ra5 {[%emt 0:00:34]} 47. Rd7 {[%emt 0:00:00]} Rxa2 {[%emt 0:00:26]} 48. Rxf7+ {[%emt 0:00:00]} Kg8 {[%emt 0:00:08]} 49. Rg7+ {[%emt 0:00:00]} Kf8 {[%emt 0:00:06]} 50. Rxg6 {[%emt 0:00:00]} Rb2 {[%emt 0:00:25]} 51. Rh6 {[%emt 0:00:00]} Rxb3+ {[%emt 0:00:29]} 52. Kf4 {[%emt 0:00:00]} Rb1 {[%emt 0:00:30]} 53. g6 {[%emt 0:00:00]} Kg8 {[%emt 0:00:06]} 54. Kg5 {[%emt 0:00:00]} Rf1 {[%emt 0:01:08]} 55. f7+ {[%emt 0:00:00]} 1-0

[Event "Josef Kupper Memorial 2019"]
[Site "Zurich"]
[Date "2019.08.18"]
[Round "7.16"]
[White "Meier, Volker"]
[Black "Gaehwiler, Gabriel"]
[Result "1/2-1/2"]
[WhiteElo "2281"]
[BlackElo "2397"]
[Annotator "NA"]
[PlyCount "34"]
[EventDate "2019.08.14"]
[EventType "swiss"]
[EventCountry "SUI"]
[SourceTitle "playchess.com"]
[Source "ChessBase"]
[SourceQuality "1"]
[TimeControl "40/5400+30:1800+30"]

1. c4 {[%emt 0:00:00]} g6 {[%emt 0:00:00]} 2. Nc3 {[%emt 0:00:00]} Bg7 {[%emt 0:00:00]} 3. g3 {[%emt 0:01:38]} c5 {[%emt 0:03:28]} 4. Bg2 {[%emt 0:00:11]} Nc6 {[%emt 0:00:09]} 5. e4 {[%emt 0:03:11]} e6 {[%emt 0:07:28]} 6. Nge2 {[%emt 0:00:19]} Nge7 {[%emt 0:00:18]} 7. O-O {[%emt 0:00:35]} O-O {[%emt 0:00:49]} 8. d3 {[%emt 0:01:01]} d6 {[%emt 0:12:04]} 9. Be3 {[%emt 0:01:51]} Nd4 {[%emt 0:00:53]} 10. Qd2 {[%emt 0:00:15]} Bd7 {[%emt 0:08:27]} 11. Bh6 {[%emt 0:02:15]} Bxh6 {[%emt 0:05:39]} 12. Qxh6 {[%emt 0:01:59]} Bc6 {[%emt 0:00:16]} 13. Qd2 {[%emt 0:09:02]} d5 {[%emt 0:02:00]} 14. cxd5 {[%emt 0:04:42]} Nxe2+ {[%emt 0:05:44]} 15. Nxe2 {[%emt 0:00:50]} exd5 {[%emt 0:00:06]} 16. Qc3 dxe4 17. dxe4 b6 1/2-1/2